000 01525cam a22002775a 4500
001 L142007
008 080121s2006 xxk f 000 0 eng d
020 _a9781898920571
035 _a(Sirsi) u142007
041 0 _aeng
050 0 4 _a628.21 $2 18
110 2 _aWRc
_94743
245 0 0 _aSewers for adoption
_ba design and construction guide for developers
250 _a6th ed.
260 _aSwindon
_bWRc
_c2006
300 _avi, 182p.
_c30cm.
350 _a29.58
505 2 _aGeneral -- Design -- Sewers -- Pumping stations -- Lateral drains -- M & E specification for small pumping stations -- Pump specification -- Motor specification -- Electrical specification -- Valve specification -- M & E specification for micro pumping stations -- Pump specification -- Motor specification -- Electrical specification -- Valve specification -- Civil engineering specification -- Model agreement under section 104 of the Water Industry Act 1991 -- Appendices
520 _aA guide for developers undertaking new development which involves the planning, design and construction of foul and surface water gravity sewers, lateral drains and pumping stations which are intended for adoption under an agreement under the Water Industry Act 1991 S104, as amended by the Water Act 2003.
521 _aAdvanced
650 2 4 _aWATER INDUSTRY ACT 1991 S104
650 2 4 _aWATER ACT 2003
651 4 _aEngland and Wales
_y1543-
690 _aENVIRONMENTAL AND LAND CONSULTANCY-WATER RESOURCE MANAGEMENT-DRAINAGE
942 _n0
999 _c107822
_d107822